Alle 118 Chemische Elemente - Statistiken

Allgemein
  • Dieses Quiz wurde 284 mal gespielt
  • Das Durchschnittsergebnis liegt bei 49 aus 118
Antwortstatistiken
Symbol Entdeckung chem. Element % Korrekt
Au k.A. Gold / Aurum
92%
Fe k.A. Eisen / Ferrum
90%
H 1766 Wasserstoff / Hydrogenium
90%
Al 1825 Aluminium
89%
O 1774 Sauerstoff / Oxygenium
88%
Ag k.A. Silber / Argentum
87%
He 1895 Helium
84%
Na 1807 Natrium
84%
C k.A. Kohlenstoff / Carbonium
83%
Cu k.A. Kupfer / Cuprum
83%
Mg 1808 Magnesium
83%
Br 1826 Brom
82%
Cl 1774 Chlor
82%
Pb k.A. Blei / Plumbum
78%
N 1771/'72 Stickstoff / Nitrogenium
78%
Zn 1746 Zink
78%
U 1789 Uran
76%
F 1886 Fluor
75%
K 1807 Kalium
75%
Li 1817 Lithium
74%
S k.A. Schwefel / Sulphur
73%
Xe 1898 Xenon
73%
Ca 1808 Calcium
71%
P 1669 Phosphor
70%
Sn k.A. Zinn / Stannum
70%
Ne 1898 Neon
69%
I 1811 Iod
67%
Ar 1894 Argon
66%
B 1808 Bor
66%
Hg k.A. Quecksilber / Hydrargyrum
66%
Ni 1751 Nickel
63%
Ga 1875 Gallium
60%
As 1250 Arsen
58%
Ge 1886 Germanium
57%
Ba 1808 Barium
56%
Cr 1797 Chrom
55%
Mn 1774 Mangan
55%
Co 1735 Cobalt
54%
Es 1952 Einsteinium
54%
Ra 1898 Radium
54%
Si 1824 Silicium
54%
Ti 1791 Titan
54%
Be 1797 Beryllium
53%
Cs 1860 Cäsium
53%
Pt 1557 Platin
53%
Se 1807 Selen
53%
Rn 1900 Radon
52%
Kr 1898 Krypton
49%
Pu 1940 Plutonium
49%
Ds 1994 Darmstadtium
47%
Rb 1861 Rubidium
44%
Ir 1803 Iridium
41%
W 1783 Wolfram
41%
Cd 1817 Cadmium
40%
Po 1898 Polonium
40%
Bi 1540 Bismut / Wismut
38%
In 1863 Indium
37%
Os 1803 Osmium
37%
Pd 1803 Palladium
37%
Fr 1939 Francium
36%
Rf 1964/1969 Rutherfordium
35%
Am 1944 Americium
34%
Y 1794 Yttrium
32%
Cf 1950 Californium
31%
Eu 1901 Europium
31%
Te 1782 Tellur
31%
V 1801 Vanadium
31%
Ce 1803 Cer
30%
Mo 1778 Molybdän
30%
At 1940 Astat
28%
Tc 1937 Technetium
27%
Np 1940 Neptunium
26%
Sr 1808 Strontium
26%
Hf 1923 Hafnium
25%
Sc 1879 Scandium
25%
Ta 1802 Tantal
25%
Zr 1789 Zirkonium
25%
Rh 1803 Rhodium
24%
Ac 1899 Actinium
22%
Hs 1984 Hassium
22%
La 1839 Lanthan
22%
Nb 1801 Niob
22%
Og 2006 Oganesson
22%
Tl 1861 Thallium
22%
Sb k.A. Antimon / Stibium
21%
Yb 1878 Ytterbium
20%
Bh 1976 Bohrium
17%
Lu 1907 Lutetium
17%
Ru 1844 Ruthenium
17%
Md 1955 Mendelevium
16%
Th 1829 Thorium
16%
Bk 1949 Berkelium
15%
Cm 1944 Curium
15%
Fm 1952 Fermium
15%
Lr 1961 Lawrencium
15%
Re 1925 Rhenium
15%
Lv 2001 Livermorium
14%
Mt 1982 Meitnerium
14%
Db 1967/1970 Dubnium
13%
Nd 1895 Neodym
13%
Rg 1994 Roentgenium
13%
Cn 1996 Copernicium
12%
Er 1843 Erbium
12%
Ho 1878 Holmium
12%
Mc 2006 Moscovium
12%
No 1958 Nobelium
12%
Ts k.A. Tenness
12%
Sg 1974 Seaborgium
11%
Gd 1880 Gadolinium
10%
Pm 1945 Promethium
10%
Sm 1879 Samarium
10%
Tb 1843 Terbium
10%
Dy 1886 Dysprosium
9%
Nh 2004 Nihonium
9%
Pa 1917 Protactinium
9%
Pr 1885 Praseodym
8%
Fl 1999 Flerovium
6%
Tm 1879 Thulium
6%
Keine übereinstimmenden Quizze gefunden
Verteilung der Resultate
Anzahl Personen mit jedem Resultat
Perzentil nach korrekt beantworteten Fragen
Ihre Resultats-Entwicklung
Sie haben dieses Quiz noch nicht gespielt